000 00443nam a2200181Ia 4500
001 24038
005 20260414151017.0
008 260414t2000||||xx |||||||||||||| ||spa||
041 _aESP
082 _a759
_bB75
100 _aBosing, Walter
_eAUT
245 0 _aEl Bosco :
_b1450(?)-1516. Entre el cielo y el infierno
260 _c2000
300 _a96 páginas :
_c23 cm.
650 _aABD
654 _aCAU
942 _cLIB
_dJUS
_fJUS
_2ddc
_n
999 _c24038
_d24038